الدفترخانة : (Record no. 28989)
[ view plain ]
| 000 -الفاتح | |
|---|---|
| حقل البيانات ثابتة الطول | 01524nam a22003497a 4500 |
| 003 - محدد رقم الضبط | |
| رقم الضبط | EG-ScBUE |
| 005 - وقت وتاريخ اخر تعامل مع التسجيلة | |
| رقم الضبط | 20201108112259.0 |
| 008 - عناصر البيانات ثابتة الطول - معلومات عامة | |
| حقل البيانات ثابتة الطول | 200219s2010 ua o f b 000 0 ara d |
| 017 ## - رقم الإيداع القانونى | |
| رقم الإيداع القانونى | 2010/22266 |
| 020 ## - الرقم الدولى المعيارى للكتب | |
| الرقم الدولى المعيارى للكتاب | 9789774521101 |
| 040 ## - مصدر الفهرسة | |
| وكالة الفهرسة الأصلية | EG-ScBUE |
| لغة الفهرسة | eng |
| قواعد الوصف | rda |
| وكالة النسخ | EG-ScBUE |
| وكالة التعديل | EG-ScBUE |
| 043 ## - رمز المنطقة الجغرافية | |
| رمز المنطقة الجغرافية | f-ua--- |
| 082 #4 - رقم تصنيف ديوى العشرى | |
| رقم التصنيف | 026.962 |
| رقم المادة | د ف ت |
| رقم الطبعة | 22 |
| 245 02 - بيان العنوان | |
| العنوان | الدفترخانة : |
| بقية العنوان | دار المحفوظات العمومية / |
| بيان المسئوليه,etc | تقديم يوسف بطرس غالى، إسماعيل سراج الدين ؛ تحرير خالد عزب ؛ شارك في الإعداد أيمن منصور، محمد السيد حمدي، محمد حجازي. |
| 264 #1 - النشر، التوزيع | |
| مكان الناشر او الموزع | الإسكندرية : |
| اسم الناشر او الموزع | مكتبة الإسكندرية، |
| تاريخ النشر أو التوزيع | 2010. |
| 300 ## - الوصف المادى | |
| التعداد | 242 صفحة : |
| تفاصيل ماديه اخرى للوعاء | صور ؛ |
| أبعاد الوعاء | 30 سم. |
| 336 ## - نوع المحتوى | |
| source | rdacontent |
| Carrier Type Term | نص |
| Content Type Code | txt |
| 337 ## - نوع الوسيط | |
| source | rdamedia |
| Media Type Term | بدون وسيط |
| Media Type Code | n |
| 338 ## - نوع الحامل أو الناقل | |
| source | rdacarrier |
| Carrier Type Term | مجلد |
| Carrier Type Code | nc |
| 490 0# - بيان السلسلة | |
| عنوان السلسلة | سلسلة ذاكرة مصر المعاصرة ؛ |
| رقم المجلد/ التعيين التسلسلي | 10 |
| 504 ## - تبصرة ببليوجرافية | |
| تبصرة ببليوجرافية,الخ | يشتمل على إرجاعات ببليوجرافية. |
| 541 ## - تبصرة المصدر المباشر للتزويد | |
| مصدر التزويد | Alex. B. ; |
| طريقة التزويد | Donation |
| 650 #7 - المدخل الاضافى بالموضوع-مصطلح موضوعى | |
| مصطلح موضوعي أو اسم جغرافي كعنصر مدخل | الأرشيف والمحفوظات |
| التقسيم الفرعي الجغرافي | مصر. |
| مصدر الرأس أو المصطلح | BUEsh |
| 651 ## - المدخل الاضافى بالموضوع - اسم جغرافى | |
| مصدر الرأس أو المصطلح | BUEsh |
| 700 1# - المدخل الاضافى - اسم شخصى | |
| الإسم الشخصى | بطرس غالي، يوسف، |
| التواريخ المصاحبة للاسم | 1952- |
| الدور | مقدم. |
| 700 1# - المدخل الاضافى - اسم شخصى | |
| الإسم الشخصى | سراج الدين، إسماعيل، |
| التواريخ المصاحبة للاسم | 1944- |
| الدور | مقدم. |
| 700 1# - المدخل الاضافى - اسم شخصى | |
| الإسم الشخصى | عزب، خالد، |
| الدور | محرر. |
| 700 1# - المدخل الاضافى - اسم شخصى | |
| الإسم الشخصى | منصور، أيمن، |
| الدور | معد. |
| 700 1# - المدخل الاضافى - اسم شخصى | |
| الإسم الشخصى | حمدي، محمد السيد، |
| الدور | معد. |
| 700 1# - المدخل الاضافى - اسم شخصى | |
| الإسم الشخصى | حجازي، محمد، |
| الدور | معد. |
| 942 ## - عناصر المدخل الإضافي( كوها) | |
| مصدر التصنيف او مخطط الترفيف | Dewey Decimal Classification |
| حالة التراجع | حالة الفقد | مصدر التصنيف او خطة الترفيف | حالة تلف | ليس للاعارة | مجموعات كوها | المكان الدائم | المكان الحالي | موقع الترفيف | تاريخ الاكتساب | Source of acquisition | رقم الاستدعاء | الباركود | Date last seen | نوع الوعاء |
|---|---|---|---|---|---|---|---|---|---|---|---|---|---|---|
| Dewey Decimal Classification | Baccah | Central Library | Central Library | Lower Floor | 24/10/2020 | Purchase | 026.962 د ف ت | 000050110 | 15/07/2025 | Book - Borrowing |